Handbook of nursing diagnosis / (Record no. 10964)

MARC details
000 -LEADER
fixed length control field 01102cam a2200289 i 4500
003 - CONTROL NUMBER IDENTIFIER
control field URS
005 - DATE AND TIME OF LATEST TRANSACTION
control field 20250819134803.0
008 - FIXED-LENGTH DATA ELEMENTS--GENERAL INFORMATION
fixed length control field 031110s2004 pau bf 001 0 eng
020 ## - INTERNATIONAL STANDARD BOOK NUMBER
International Standard Book Number 0781743559
040 ## - CATALOGING SOURCE
Description conventions rda
Transcribing agency URS
Language of cataloging English
050 00 - LIBRARY OF CONGRESS CALL NUMBER
Classification number RT48.6
Item number .C224 2004
100 ## - MAIN ENTRY--PERSONAL NAME
Personal name Carpenito-Moyet, Lynda Juall.,
Relator term author.
9 (RLIN) 1073
245 10 - TITLE STATEMENT
Title Handbook of nursing diagnosis /
Statement of responsibility, etc Lynda Juall Carpenito-Moyet.
246 30 - VARYING FORM OF TITLE
Title proper/short title Nursing diagnosis
250 ## - EDITION STATEMENT
Edition statement 10th ed.
264 ## - PUBLICATION, DISTRIBUTION, ETC. (IMPRINT)
Place of publication, distribution, etc Philadelphia :
Name of publisher, distributor, etc Lippincott Williams and Wilkins,
Date of publication, distribution, etc ©2004.
300 ## - PHYSICAL DESCRIPTION
Extent xliii, 700 pages ;
Dimensions 19 cm.
336 ## - CONTENT TYPE
Content type term text
Content type code txt
Source rdacontent
337 ## - MEDIA TYPE
Media type term unmediated
Media type code n
Source rdamedia
338 ## - CARRIER TYPE
Carrier type term volume
Carrier type code nc
Source rdacarrier
504 ## - BIBLIOGRAPHY, ETC. NOTE
Bibliography, etc Includes bibliographical references (pages 591-596) and index.
650 #0 - SUBJECT ADDED ENTRY--TOPICAL TERM
Topical term or geographic name as entry element Nursing diagnosis -- Handbooks, manuals, etc.
650 12 - SUBJECT ADDED ENTRY--TOPICAL TERM
Topical term or geographic name as entry element Nursing Diagnosis -- handbooks.
856 42 - ELECTRONIC LOCATION AND ACCESS
Materials specified Publisher description
Uniform Resource Identifier <a href="http://www.loc.gov/catdir/enhancements/fy0807/2003279576-d.html">http://www.loc.gov/catdir/enhancements/fy0807/2003279576-d.html</a>
856 41 - ELECTRONIC LOCATION AND ACCESS
Materials specified Table of contents only
Uniform Resource Identifier <a href="http://www.loc.gov/catdir/enhancements/fy1012/2003279576-t.html">http://www.loc.gov/catdir/enhancements/fy1012/2003279576-t.html</a>
942 ## - ADDED ENTRY ELEMENTS (KOHA)
Source of classification or shelving scheme Library of Congress Classification
Koha item type Foreign Books
Holdings
Withdrawn status Lost status Source of classification or shelving scheme Damaged status Not for loan Collection code Home library Current library Shelving location Date acquired Source of acquisition Total Checkouts Total Renewals Full call number Barcode Date last seen Date checked out Copy number Koha item type
    Library of Congress Classification     Non-fiction Taytay College Library Taytay College Library Nursing Collection 08/29/2018 Donation 2 4 RT48.6 .C224 2004 URSTAY-3863 06/05/2025 01/27/2025 1 Foreign Books

University of Rizal System
Email us at univlibservices@urs.edu.ph

Visit our Website www.urs.edu.ph/library